| 000 | 01403cam a2200349 i 4500 | ||
|---|---|---|---|
| 005 | 20260322212037.0 | ||
| 008 | data | ||
| 010 | _a 2017297146 | ||
| 020 |
_a9781782766940 _q(hbk.) |
||
| 020 |
_a1782766944 _q(hbk.) |
||
| 040 |
_aDLC _cDLC |
||
| 042 | _apcc | ||
| 050 | 0 | 0 |
_aPN6728.H34 _bB83 2017 |
| 082 | 0 | 0 |
_a741.5/6973 _223 |
| 099 | _aBROWND | ||
| 100 | 1 |
_aBrowne, Dik, _eillustrator. _eillustrator. |
|
| 240 | 1 | 0 |
_aHägar the Horrible. _kSelections |
| 245 | 1 | 0 |
_aHagar the horrible : _bthe first ten epic years! / _cDik Browne. |
| 260 |
_aLondon : _bTitan Publishing Group, _c2017. |
||
| 264 | 1 |
_aLondon : _bTitan Comics, _cOctober 2017. |
|
| 300 |
_a235 pages : _billustrations ; _c24 cm |
||
| 336 |
_atext _btxt _2rdacontent |
||
| 336 |
_astill image _2rdacontent |
||
| 337 |
_aunmediated _bn _2rdamedia |
||
| 338 |
_avolume _bnc _2rdacarrier |
||
| 500 | _aCover title: The best of Hägar the Horrible. Chronicling the first ten epic years of maurading myahem, merriment and mirth. | ||
| 520 | _aThis Best of is a celebration of the first ten years of Hagar's epic, never-ending quest to put meat, mead and loot on the family table, while doing as little as possible. This collection, curated by Chris Browne, Dik's son and current Hagar artist. | ||
| 650 | 0 | _aAmerican wit and humor, Pictorial. | |
| 655 | 0 | _aComic books, strips, etc. | |
| 740 | 0 | _aBest of Hägar the Horrible. | |
| 001 | data | ||
| 999 |
_c880 _d880 |
||